Fighting : (Record no. 203996)

MARC details
000 -LEADER
fixed length control field 01098nam a2200289 ia4500
005 - DATE AND TIME OF LATEST TRANSACTION
control field 20260425130414.0
008 - FIXED-LENGTH DATA ELEMENTS--GENERAL INFORMATION
fixed length control field 260425s2025 my a dr 000 f may d
020 ## - INTERNATIONAL STANDARD BOOK NUMBER
International Standard Book Number 9786297687704
Terms of availability RM12.00
Qualifying information paperback
040 ## - CATALOGING SOURCE
Original cataloging agency PPAK
Language of cataloging eng
Transcribing agency PPAK
Description conventions rda
082 04 - DEWEY DECIMAL CLASSIFICATION NUMBER
Classification number 899.2333
Edition number 23
090 00 - LOCALLY ASSIGNED LC-TYPE CALL NUMBER (OCLC); LOCAL CALL NUMBER (RLIN)
Classification number (OCLC) (R) ; Classification number, CALL (RLIN) (NR) 899.2333
Feature heading FAI
Feature heading G
100 0# - MAIN ENTRY--PERSONAL NAME
Personal name Faizal Hakimi,
Relator term author,
-- illustrator.
245 10 - TITLE STATEMENT
Title Fighting :
Remainder of title KITA SEMUA UNIK /
Statement of responsibility, etc. FAIZAL HAKIMI, ILYAS SAAID ; Editor & Susun Atur Rashiela Nurain ; Ilustrasi di dalam buku Faizal Hakimi
264 #1 - PRODUCTION, PUBLICATION, DISTRIBUTION, MANUFACTURE, AND COPYRIGHT NOTICE
Place of production, publication, distribution, manufacture Bandar Baru Nilai, Negeri Sembilan :
Name of producer, publisher, distributor, manufacturer BLINK BOOK SDN BHD,
Date of production, publication, distribution, manufacture, or copyright notice 2025
300 ## - PHYSICAL DESCRIPTION
Extent 121 pages :
Other physical details illustrations ;
Dimensions 19 cm
336 ## - CONTENT TYPE
Content type term text
Source rdacontent
337 ## - MEDIA TYPE
Media type term unmediated
Source rdamedia
338 ## - CARRIER TYPE
Carrier type term volume
Source rdacarrier
490 1# - SERIES STATEMENT
Series statement SIRI KESIHATAN MENTAL REMAJA
650 10 - SUBJECT ADDED ENTRY--TOPICAL TERM
Topical term or geographic name entry element Young adult fiction, Malay.
Topical term or geographic name entry element Malay fiction.
Topical term or geographic name entry element Malaysian fiction (Malay).
700 0# - ADDED ENTRY--PERSONAL NAME
Personal name Ilyas Saaid,
Relator term author.
Personal name Rashiela Nurain,
Relator term editor.
830 #0 - SERIES ADDED ENTRY--UNIFORM TITLE
Uniform title Siri kesihatan mental remaja :
Name of part/section of a work Tidak percaya diri (insecurity)
942 ## - ADDED ENTRY ELEMENTS (KOHA)
Source of classification or shelving scheme Dewey Decimal Classification
Koha item type Book
Holdings
Withdrawn Not for loan Current library Shelving location Date acquired Total Checkouts Full call number Barcode Date last seen Koha item type
    Perpustakaan Alor Setar Pinjaman Dewasa 27/04/2026   899.2333 FAI A01913854 27/04/2026 Book
    Perpustakaan Awam Sungai Petani Pinjaman Dewasa 27/04/2026   899.2333 FAI A01913855 27/04/2026 Book
    Perpustakaan Baling Pinjaman Dewasa 27/04/2026   899.2333 FAI A01913859 27/04/2026 Book
    Perpustakaan Bandar Baharu Pinjaman Dewasa 27/04/2026   899.2333 FAI A01913860 27/04/2026 Book
    Perpustakaan Jitra Pinjaman Dewasa 27/04/2026   899.2333 FAI A01913856 27/04/2026 Book
    Perpustakaan Kuala Nerang Pinjaman Dewasa 27/04/2026   899.2333 FAI A01913864 27/04/2026 Book
    Perpustakaan Kulim Pinjaman Dewasa 27/04/2026   899.2333 FAI A01913858 27/04/2026 Book
    Perpustakaan Langkawi Pinjaman Dewasa 27/04/2026   899.2333 FAI A01913857 27/04/2026 Book
    Perpustakaan Merbok Pinjaman Dewasa 27/04/2026   899.2333 FAI A01913861 27/04/2026 Book
    Perpustakaan Pendang Pinjaman Dewasa 27/04/2026   899.2333 FAI A01913865 27/04/2026 Book
    Perpustakaan Sik Pinjaman Dewasa 27/04/2026   899.2333 FAI A01913863 27/04/2026 Book
    Perpustakaan Yan Pinjaman Dewasa 27/04/2026   899.2333 FAI A01913862 27/04/2026 Book